| Tag |
First Indicator |
Second Indicator |
Subfields |
| LEADER |
00000pam a2200000 a 4500 |
| 001 |
in00000080948 |
| 005 |
20151008055339.0 |
| 008 |
810521s1981 dcuac bc 00100 eng |
| 010 |
|
|
|a 81009576
|
| 020 |
|
|
|a 0894680005
|
| 020 |
|
|
|a 0894680013 (pbk.)
|
| 035 |
|
|
|a (OCoLC)07553416
|
| 035 |
|
|
|9 AAJ3227AM
|
| 039 |
0 |
|
|a 2
|b 3
|c 3
|d 3
|e 3
|
| 040 |
|
|
|a DLC
|c DLC
|d TXA
|d UtOrBLW
|
| 049 |
|
|
|a TXAM
|c [1442536]
|
| 050 |
0 |
0 |
|a NB553.R7
|b R74
|
| 082 |
0 |
|
|a 730/.92/4
|2 19
|
| 245 |
0 |
0 |
|a Rodin rediscovered /
|c Albert E. Elsen, editor ; with contributions by Albert Alhadeff [and others].
|
| 264 |
|
1 |
|a Washington, D.C. :
|b National Gallery of Art ;
|a Boston :
|b New York Graphic Society,
|c [1981]
|
| 264 |
|
4 |
|c ©1981
|
| 300 |
|
|
|a 348 pages :
|b illustrations, portraits ;
|c 28 cm.
|
| 336 |
|
|
|a text
|b txt
|2 rdacontent
|
| 337 |
|
|
|a unmediated
|b n
|2 rdamedia
|
| 338 |
|
|
|a volume
|b nc
|2 rdacarrier
|
| 500 |
|
|
|a Issued in conjunction with an exhibition at National Gallery of art, Washington, D.C., June 28, 1981-May 2, 1982.
|
| 500 |
|
|
|a "Catalogue of the exhibition": pages 313-342.
|
| 504 |
|
|
|a Includes bibliograhical references and index.
|
| 600 |
1 |
0 |
|a Rodin, Auguste,
|d 1840-1917.
|
| 700 |
1 |
|
|a Elsen, Albert E.,
|d 1927-1995.
|
| 700 |
1 |
|
|a Alhadeff, Albert.
|
| 710 |
2 |
|
|a National Gallery of Art (U.S.)
|
| 999 |
|
|
|a MARS
|
| 999 |
f |
f |
|s 7a6ce315-6c7f-3d49-be97-6acc4d3e572c
|i 522002d3-3f77-3bd8-9d51-01d7db528d40
|t 0
|
| 952 |
f |
f |
|p normal
|a Texas A&M University
|b College Station
|c Sterling C. Evans Library
|d Evans: Library Stacks
|t 0
|e NB553.R7 R74
|h Library of Congress classification
|i unmediated -- volume
|m A14806169003
|
| 998 |
f |
f |
|a NB553.R7 R74
|t 0
|l Evans: Library Stacks
|